Asian capitols - Sudden death - Statistics

General Stats
  • This quiz has been taken 159 times
  • The average score is 8 of 14
Answers on the Grid
Answers color-coded by a green-red scale on the quiz's grid according to % correct below.
Vilnius
Moscow
Tehran
Tunis
Mumbai
Sri Jayawardenepura Kotte
Tokyo
Melbourne
Jakarta
Hanoi
Miami
Vanuati
Ulaanbaatar
Jasar Batin
Ashgabat
Riyadh
Athens
Nicosia
Accra
Valletta
Don Lang
Beirut
Dushanbe
Minsk
Hilovin
Doha
Pyongyang
Josta
 
Answer Stats
Answer % Correct
Tehran
75%
Tokyo
75%
Jakarta
62%
Pyongyang
61%
Doha
60%
Hanoi
59%
Riyadh
57%
Ulaanbaatar
57%
Moscow
55%
Beirut
53%
Sri Jayawardenepura Kotte
53%
Ashgabat
49%
Nicosia
41%
Dushanbe
39%
No matching quizzes found
Score Distribution
Percent of People with Each Score
Percentile by Number Answered
Your Score History
You have not taken this quiz